[Event "MPJ C18"]
[Site "?"]
[Date "2016.03.15"]
[Round "3.1"]
[White "Niekras, Dawid"]
[Black "Nowak, Kamil"]
[Result "1/2-1/2"]
[LiveChessVersion "1.4.8"]
[BlackElo "2339"]
[WhiteElo "2271"]

1. e4 {[%clk 1:30:58]} c5 {[%clk 1:30:44]} 2. Nf3 {[%clk 1:31:23]} d6
{[%clk 1:30:53]} 3. d4 {[%clk 1:31:46]} cxd4 {[%clk 1:30:53]} 4. Nxd4
{[%clk 1:32:09]} Nf6 {[%clk 1:31:16]} 5. Nc3 {[%clk 1:32:35]} Nc6
{[%clk 1:31:39]} 6. Bc4 {[%clk 1:32:58]} e6 {[%clk 1:31:38]} 7. Bb3
{[%clk 1:31:49]} Be7 {[%clk 1:30:48]} 8. Be3 {[%clk 1:32:11]} a6 {[%clk 1:30:54]}
9. f4 {[%clk 1:25:01]} O-O {[%clk 1:28:24]} 10. Qe2 {[%clk 1:13:48]} Nxd4
{[%clk 1:26:29]} 11. Bxd4 {[%clk 1:14:09]} b5 {[%clk 1:26:05]} 12. a3
{[%clk 1:11:52]} Bb7 {[%clk 1:24:06]} 13. O-O {[%clk 1:05:24]} a5
{[%clk 1:23:41]} 14. Rad1 {[%clk 0:40:20]} b4 {[%clk 1:19:05]} 15. axb4
{[%clk 0:40:42]} axb4 {[%clk 1:19:33]} 16. e5 {[%clk 0:39:52]} bxc3
{[%clk 1:11:11]} 17. exf6 {[%clk 0:40:04]} Bxf6 {[%clk 1:11:18]} 18. bxc3
{[%clk 0:38:57]} Ba6 {[%clk 1:08:30]} 19. Bc4 {[%clk 0:34:11]} Bxc4
{[%clk 1:06:29]} 20. Qxc4 {[%clk 0:34:34]} Rc8 {[%clk 1:05:22]} 21. Qd3
{[%clk 0:27:29]} d5 {[%clk 1:00:22]} 22. Rf3 {[%clk 0:23:23]} g6 {[%clk 0:57:43]}
23. Be5 {[%clk 0:18:50]} Qe7 {[%clk 0:50:37]} 24. Re1 {[%clk 0:15:21]} Rc4
{[%clk 0:46:51]} 25. Qd2 {[%clk 0:07:35]} Rfc8 {[%clk 0:41:14]} 26. Ref1
{[%clk 0:07:03]} Re4 {[%clk 0:36:05]} 27. Bd4 {[%clk 0:04:39]} Bxd4+
{[%clk 0:32:23]} 28. cxd4 {[%clk 0:04:59]} Qc7 {[%clk 0:32:25]} 29. c3
{[%clk 0:05:18]} Qc4 {[%clk 0:31:54]} 30. R1f2 {[%clk 0:01:58]} Rb8
{[%clk 0:28:11]} 31. h3 {[%clk 0:02:04]} Rb1+ {[%clk 0:28:01]} 32. Kh2
{[%clk 0:02:28]} Ree1 {[%clk 0:25:43]} 33. Kg3 {[%clk 0:01:34]} h5
{[%clk 0:22:02]} 34. Qa2 {[%clk 0:00:48]} Qc8 {[%clk 0:19:16]} 35. Rb2
{[%clk 0:00:48]} Ra1 {[%clk 0:17:28]} 36. Qb3 {[%clk 0:01:12]} Kg7
{[%clk 0:17:29]} 37. Qb8 {[%clk 0:01:21]} Qxb8 {[%clk 0:16:45]} 38. Rxb8
{[%clk 0:01:50]} Re2 {[%clk 0:17:13]} 39. Rf2 {[%clk 0:01:28]} Re3+
{[%clk 0:12:08]} 40. Rf3 {[%clk 0:31:52]} Re2 {[%clk 0:41:28]} 41. Rf2
{[%clk 0:30:03]} Re3+ {[%clk 0:40:30]} 42. Rf3 {[%clk 0:30:20]} Ree1
{[%clk 0:39:30]} 43. Rb2 {[%clk 0:19:57]} Rec1 {[%clk 0:39:39]} 44. Re2
{[%clk 0:16:45]} Ra3 {[%clk 0:39:19]} 45. Ree3 {[%clk 0:17:10]} Kf6
{[%clk 0:39:11]} 46. Kh4 {[%clk 0:16:14]} Ra2 {[%clk 0:38:42]} 47. g4
{[%clk 0:13:49]} hxg4 {[%clk 0:39:03]} 48. hxg4 {[%clk 0:13:36]} Rh2+
{[%clk 0:39:10]} 49. Rh3 {[%clk 0:13:40]} Rg2 {[%clk 0:38:57]} 50. Rhg3
{[%clk 0:05:25]} Rh1+ {[%clk 0:38:54]} 51. Rh3 {[%clk 0:05:49]} Rhg1
{[%clk 0:39:11]} 52. Rhg3 {[%clk 0:03:13]} Rxg3 {[%clk 0:37:47]} 53. Rxg3
{[%clk 0:03:36]} Rf1 {[%clk 0:38:15]} 54. Re3 {[%clk 0:03:10]} Rxf4
{[%clk 0:38:26]} 55. Kg3 {[%clk 0:03:34]} g5 {[%clk 0:38:10]} 56. Re1
{[%clk 0:02:55]} Re4 {[%clk 0:38:06]} 57. Rxe4 {[%clk 0:02:47]} dxe4
{[%clk 0:38:23]} 58. Kf2 {[%clk 0:03:16]} Ke7 {[%clk 0:37:57]} 59. Ke3
{[%clk 0:03:39]} f5 {[%clk 0:38:01]} 60. c4 {[%clk 0:01:42]} Kd6 {[%clk 0:37:55]}
61. d5 {[%clk 0:01:14]} exd5 {[%clk 0:31:05]} 62. cxd5 {[%clk 0:01:27]} f4+
{[%clk 0:30:16]} 63. Kxe4 {[%clk 0:01:55]} Kc5 {[%clk 0:30:30]} 64. Ke5
{[%clk 0:02:04]} f3 {[%clk 0:30:41]} 65. d6 {[%clk 0:02:33]} f2 {[%clk 0:29:53]}
66. d7 {[%clk 0:02:58]} f1=Q {[%clk 0:30:08]} 67. d8=Q {[%clk 0:03:23]} Qf4+
{[%clk 0:30:05]} 68. Ke6 {[%clk 0:03:48]} Qxg4+ {[%clk 0:30:19]} 69. Kf6
{[%clk 0:03:56]} Qf4+ {[%clk 0:30:07]} 70. Kg6 {[%clk 0:04:18]} g4
{[%clk 0:30:05]} 71. Qa5+ {[%clk 0:04:30]} Kd4 {[%clk 0:30:05]} 72. Qb4+
{[%clk 0:04:51]} Ke3 {[%clk 0:30:19]} 73. Qe1+ {[%clk 0:05:06]} Kf3
{[%clk 0:30:00]} 74. Qf1+ {[%clk 0:05:20]} Kg3 {[%clk 0:29:56]} 75. Qg1+
{[%clk 0:05:14]} Kh3 {[%clk 0:29:56]} 76. Qh1+ {[%clk 0:05:41]} Qh2
{[%clk 0:30:03]} 77. Qf1+ {[%clk 0:06:07]} Qg2 {[%clk 0:30:13]} 78. Qf5
{[%clk 0:06:05]} Kh2 {[%clk 0:28:39]} 79. Qh5+ {[%clk 0:05:01]} Qh3
{[%clk 0:28:57]} 80. Qe5+ {[%clk 0:04:18]} g3 {[%clk 0:29:13]} 81. Kg7
{[%clk 0:03:59]} Qg4+ {[%clk 0:28:48]} 82. Kf8 {[%clk 0:04:11]} Qf3+
{[%clk 0:28:47]} 83. Ke8 {[%clk 0:03:55]} Kg2 {[%clk 0:25:09]} 84. Kd8
{[%clk 0:03:13]} Qf2 {[%clk 0:24:16]} 85. Qe4+ {[%clk 0:03:10]} Kg1
{[%clk 0:23:28]} 86. Qb1+ {[%clk 0:03:26]} Qf1 {[%clk 0:23:10]} 87. Qb6+
{[%clk 0:03:32]} Kh2 {[%clk 0:21:37]} 88. Qh6+ {[%clk 0:03:43]} Kg2
{[%clk 0:22:03]} 89. Qc6+ {[%clk 0:03:46]} Qf3 {[%clk 0:22:31]} 90. Qc2+
{[%clk 0:04:09]} Kf1 {[%clk 0:22:18]} 91. Qc1+ {[%clk 0:03:02]} Ke2
{[%clk 0:22:32]} 92. Qb2+ {[%clk 0:03:13]} Ke1 {[%clk 0:22:41]} 93. Qe5+
{[%clk 0:02:49]} Kd2 {[%clk 0:23:01]} 94. Qb2+ {[%clk 0:02:52]} Ke3
{[%clk 0:23:26]} 95. Qe5+ {[%clk 0:02:35]} Kf2 {[%clk 0:23:49]} 96. Qb2+
{[%clk 0:02:45]} Qe2 {[%clk 0:24:18]} 97. Qf6+ {[%clk 0:02:53]} Kg1
{[%clk 0:24:26]} 98. Qb6+ {[%clk 0:02:18]} Qf2 {[%clk 0:24:55]} 99. Qb1+
{[%clk 0:02:41]} Kg2 {[%clk 0:25:08]} 100. Qe4+ {[%clk 0:03:02]} Qf3
{[%clk 0:25:32]} 1/2-1/2

[Event "MPJ C18"]
[Site "?"]
[Date "2016.03.15"]
[Round "3.2"]
[White "Szostko, Jakub"]
[Black "Tomczak, Mikolaj"]
[Result "1/2-1/2"]
[LiveChessVersion "1.4.8"]
[BlackElo "2308"]
[WhiteElo "2228"]

1. e4 {[%clk 1:30:59]} g6 {[%clk 1:30:59]} 2. d4 {[%clk 1:31:17]} Bg7
{[%clk 1:31:25]} 3. Nc3 {[%clk 1:31:15]} d5 {[%clk 1:31:49]} 4. Nxd5
{[%clk 1:30:28]} c6 {[%clk 1:31:55]} 5. Nc3 {[%clk 1:29:46]} Qxd4
{[%clk 1:31:48]} 6. Qxd4 {[%clk 1:29:03]} Bxd4 {[%clk 1:32:16]} 7. Nge2
{[%clk 1:29:16]} Bg7 {[%clk 1:32:34]} 8. Be3 {[%clk 1:28:52]} e5 {[%clk 1:30:30]}
9. O-O-O {[%clk 1:28:11]} Be6 {[%clk 1:29:19]} 10. f3 {[%clk 1:24:29]} Bh6
{[%clk 1:24:35]} 11. Bxh6 {[%clk 1:23:34]} Nxh6 {[%clk 1:25:03]} 12. h4
{[%clk 1:20:04]} Na6 {[%clk 1:11:49]} 13. h5 {[%clk 1:13:38]} g5 {[%clk 1:08:22]}
14. g4 {[%clk 1:11:30]} Nc7 {[%clk 1:06:57]} 15. a4 {[%clk 1:04:04]} a5
{[%clk 1:06:24]} 16. Ng3 {[%clk 1:02:44]} f6 {[%clk 1:01:20]} 17. Be2
{[%clk 0:58:15]} Ke7 {[%clk 0:58:02]} 18. Nf1 {[%clk 0:55:54]} Nf7
{[%clk 0:49:14]} 19. Ne3 {[%clk 0:55:19]} Nd6 {[%clk 0:49:29]} 20. Rd2
{[%clk 0:53:51]} Rhd8 {[%clk 0:43:24]} 21. Rhd1 {[%clk 0:53:13]} Rac8
{[%clk 0:42:46]} 22. Bf1 {[%clk 0:41:34]} Na8 {[%clk 0:42:10]} 23. Ne2
{[%clk 0:37:07]} Nf7 {[%clk 0:33:13]} 24. Ng3 {[%clk 0:35:59]} Rxd2
{[%clk 0:32:24]} 25. Rxd2 {[%clk 0:36:21]} Nd6 {[%clk 0:32:31]} 26. Ne2
{[%clk 0:24:06]} Nb6 {[%clk 0:29:46]} 27. Nc3 {[%clk 0:21:55]} Nd7
{[%clk 0:28:51]} 28. Kb1 {[%clk 0:17:48]} Nc5 {[%clk 0:27:25]} 29. Be2
{[%clk 0:16:05]} Rd8 {[%clk 0:26:16]} 30. Rd1 {[%clk 0:15:08]} Bf7
{[%clk 0:25:30]} 31. Kc1 {[%clk 0:11:54]} Ra8 {[%clk 0:23:00]} 32. Bf1
{[%clk 0:10:09]} Be6 {[%clk 0:19:00]} 33. Be2 {[%clk 0:10:16]} Bd7
{[%clk 0:18:04]} 34. Ncd5+ {[%clk 0:07:42]} cxd5 {[%clk 0:17:24]} 35. Nxd5+
{[%clk 0:08:10]} Kf7 {[%clk 0:09:07]} 36. Nb6 {[%clk 0:08:21]} Rc8
{[%clk 0:07:20]} 37. Rxd6 {[%clk 0:07:13]} Rc7 {[%clk 0:07:27]} 38. Rxf6+
{[%clk 0:05:14]} Kxf6 {[%clk 0:07:42]} 39. Nd5+ {[%clk 0:05:42]} Kf7
{[%clk 0:06:42]} 40. Nxc7 {[%clk 0:36:11]} Bxa4 {[%clk 0:35:16]} 41. Bb5
{[%clk 0:33:47]} Bxb5 {[%clk 0:35:13]} 42. Nxb5 {[%clk 0:34:15]} Ke6
{[%clk 0:34:17]} 43. Nc7+ {[%clk 0:32:20]} Kd6 {[%clk 0:33:15]} 44. Nd5
{[%clk 0:32:27]} Nd7 {[%clk 0:33:12]} 45. Kd2 {[%clk 0:32:26]} b5
{[%clk 0:32:57]} 46. Kd3 {[%clk 0:30:25]} Kc6 {[%clk 0:29:16]} 47. c3
{[%clk 0:27:23]} Kc5 {[%clk 0:27:51]} 48. Ne3 {[%clk 0:25:48]} Kd6
{[%clk 0:26:26]} 49. Nf5+ {[%clk 0:25:11]} Ke6 {[%clk 0:26:35]} 50. Ng3
{[%clk 0:24:31]} Kd6 {[%clk 0:25:24]} 51. Ne2 {[%clk 0:24:17]} Kc6
{[%clk 0:25:20]} 52. Nc1 {[%clk 0:23:32]} Kd6 {[%clk 0:23:20]} 53. Kd2
{[%clk 0:23:02]} Nc5 {[%clk 0:23:09]} 54. Kc2 {[%clk 0:22:17]} Kc6
{[%clk 0:23:10]} 55. Ne2 {[%clk 0:22:25]} Kd6 {[%clk 0:22:48]} 56. Ng3
{[%clk 0:21:44]} Ke6 {[%clk 0:20:47]} 57. Nf5 {[%clk 0:21:34]} Nd7
{[%clk 0:19:06]} 58. Ng7+ {[%clk 0:21:03]} Kf7 {[%clk 0:18:46]} 59. Nf5
{[%clk 0:21:23]} Ke6 {[%clk 0:18:54]} 60. Ne3 {[%clk 0:23:59]} Kd6
{[%clk 0:17:42]} 61. Nd5 {[%clk 0:24:02]} Kc6 {[%clk 0:15:38]} 1/2-1/2

[Event "MPJ C18"]
[Site "?"]
[Date "2016.03.15"]
[Round "3.3"]
[White "Kucza, Karol"]
[Black "Piotrowski, Przemyslaw"]
[Result "1-0"]
[LiveChessVersion "1.4.8"]
[BlackElo "2140"]
[WhiteElo "2310"]

1. e4 {[%clk 1:30:59]} c5 {[%clk 1:30:32]} 2. Nf3 {[%clk 1:31:22]} d6
{[%clk 1:30:53]} 3. d4 {[%clk 1:31:46]} cxd4 {[%clk 1:31:18]} 4. Nxd4
{[%clk 1:32:12]} Nf6 {[%clk 1:31:43]} 5. Nc3 {[%clk 1:32:35]} a6 {[%clk 1:31:34]}
6. Bg5 {[%clk 1:32:08]} e6 {[%clk 1:31:21]} 7. f4 {[%clk 1:32:24]} Nbd7
{[%clk 1:31:33]} 8. Qf3 {[%clk 1:31:54]} Be7 {[%clk 1:30:46]} 9. O-O-O
{[%clk 1:30:54]} Qc7 {[%clk 1:29:46]} 10. Bd3 {[%clk 1:28:01]} h6
{[%clk 1:28:29]} 11. Bh4 {[%clk 1:15:41]} g5 {[%clk 1:24:38]} 12. fxg5
{[%clk 1:15:43]} Ne5 {[%clk 1:24:25]} 13. Qe2 {[%clk 1:15:31]} Nfg4
{[%clk 1:24:03]} 14. Nf3 {[%clk 1:12:06]} Nxf3 {[%clk 1:18:15]} 15. gxf3
{[%clk 1:12:00]} hxg5 {[%clk 1:16:22]} 16. Bg3 {[%clk 1:09:34]} Ne5
{[%clk 1:10:13]} 17. Qf2 {[%clk 1:01:39]} Ng6 {[%clk 0:58:17]} 18. Na4
{[%clk 0:54:04]} b5 {[%clk 0:53:33]} 19. Nb6 {[%clk 0:50:43]} Rb8
{[%clk 0:53:45]} 20. Nxc8 {[%clk 0:50:59]} Rxc8 {[%clk 0:54:03]} 21. Kb1
{[%clk 0:42:36]} Rd8 {[%clk 0:38:02]} 22. Qd4 {[%clk 0:30:26]} Rd7
{[%clk 0:27:57]} 23. a4 {[%clk 0:24:24]} bxa4 {[%clk 0:25:35]} 24. Bxa6
{[%clk 0:23:20]} Qa5 {[%clk 0:24:39]} 25. Bc8 {[%clk 0:22:57]} Rc7
{[%clk 0:17:29]} 26. Bxe6 {[%clk 0:21:11]} fxe6 {[%clk 0:16:22]} 27. Qg7
{[%clk 0:20:53]} Qc5 {[%clk 0:07:23]} 28. Qxg6+ {[%clk 0:21:06]} Kf8
{[%clk 0:07:24]} 29. Bxd6 {[%clk 0:17:03]} Qxc2+ {[%clk 0:01:43]} 30. Ka1
{[%clk 0:17:27]} Bxd6 {[%clk 0:01:53]} 31. Rxd6 {[%clk 0:15:06]} Rxh2
{[%clk 0:00:33]} 32. Qf6+ {[%clk 0:15:12]} 1-0

[Event "MPJ C18"]
[Site "?"]
[Date "2016.03.15"]
[Round "3.4"]
[White "Karwowski, Kacper"]
[Black "Chomczyk, Marek"]
[Result "1-0"]
[LiveChessVersion "1.4.8"]
[BlackElo "2229"]
[WhiteElo "2127"]

1. d4 {[%clk 1:30:58]} d5 {[%clk 1:30:09]} 2. Nf3 {[%clk 1:31:20]} Nf6
{[%clk 1:30:21]} 3. Bg5 {[%clk 1:30:09]} h6 {[%clk 1:24:53]} 4. Bxf6
{[%clk 1:30:19]} exf6 {[%clk 1:25:14]} 5. e3 {[%clk 1:30:26]} c6 {[%clk 1:17:00]}
6. Bd3 {[%clk 1:30:18]} Bd6 {[%clk 1:12:50]} 7. Nbd2 {[%clk 1:30:20]} O-O
{[%clk 1:11:58]} 8. c3 {[%clk 1:21:52]} Re8 {[%clk 1:04:20]} 9. Qc2
{[%clk 1:21:54]} b6 {[%clk 1:02:07]} 10. O-O {[%clk 1:19:05]} c5 {[%clk 0:59:04]}
11. dxc5 bxc5 {[%clk 0:59:15]} 12. c4 {[%clk 1:15:22]} Nc6 {[%clk 0:55:46]} 13.
a3 {[%clk 1:11:26]} Be6 {[%clk 0:50:08]} 14. cxd5 {[%clk 1:08:53]} Bxd5
{[%clk 0:50:12]} 15. Be4 {[%clk 1:07:55]} Bf8 {[%clk 0:40:31]} 16. Rac1
{[%clk 1:06:00]} Rc8 {[%clk 0:40:07]} 17. Rfd1 {[%clk 1:05:59]} Bxe4
{[%clk 0:40:02]} 18. Nxe4 {[%clk 1:06:18]} Qb6 {[%clk 0:40:27]} 19. h3
{[%clk 0:50:09]} Na5 {[%clk 0:36:07]} 20. Rd5 {[%clk 0:38:24]} Qe6
{[%clk 0:34:15]} 21. Nc3 {[%clk 0:38:28]} Nc6 {[%clk 0:33:13]} 22. Qd2
{[%clk 0:30:12]} Red8 {[%clk 0:29:47]} 23. Rd1 {[%clk 0:29:32]} Rb8
{[%clk 0:29:50]} 24. Rxd8 {[%clk 0:29:22]} Rxd8 {[%clk 0:30:10]} 25. Qc2
{[%clk 0:29:34]} Rb8 {[%clk 0:27:10]} 26. Rd2 {[%clk 0:27:19]} Na5
{[%clk 0:24:08]} 27. Nd5 {[%clk 0:24:09]} Bd6 {[%clk 0:17:55]} 28. b4
{[%clk 0:17:58]} cxb4 {[%clk 0:16:32]} 29. axb4 {[%clk 0:18:19]} Rc8
{[%clk 0:16:31]} 30. Qd3 {[%clk 0:16:12]} Nb7 {[%clk 0:06:51]} 31. Rd1
{[%clk 0:14:01]} Kh8 {[%clk 0:04:13]} 32. e4 {[%clk 0:12:18]} Re8
{[%clk 0:03:03]} 33. Qb5 {[%clk 0:12:23]} Rb8 {[%clk 0:03:18]} 34. Qd3
{[%clk 0:09:00]} Re8 {[%clk 0:03:17]} 35. Ra1 {[%clk 0:08:20]} Bb8
{[%clk 0:01:45]} 36. Nd4 {[%clk 0:05:06]} Qxe4 {[%clk 0:02:10]} 37. Qxe4
{[%clk 0:05:11]} Rxe4 {[%clk 0:02:39]} 38. Nc6 {[%clk 0:05:27]} Bd6
{[%clk 0:02:49]} 39. Kf1 {[%clk 0:01:43]} Rc4 {[%clk 0:00:36]} 40. Rxa7
{[%clk 0:31:10]} Rxc6 {[%clk 0:30:33]} 41. Rxb7 {[%clk 0:31:31]} Rc1+
{[%clk 0:29:23]} 42. Ke2 {[%clk 0:31:59]} Rc2+ {[%clk 0:29:46]} 43. Kf3
{[%clk 0:30:59]} Rd2 {[%clk 0:29:51]} 44. Ne3 {[%clk 0:30:18]} Rb2
{[%clk 0:29:09]} 45. b5 {[%clk 0:30:34]} Bc5 {[%clk 0:29:33]} 46. g4
{[%clk 0:27:58]} Kg8 {[%clk 0:26:35]} 47. h4 {[%clk 0:25:22]} g6 {[%clk 0:26:01]}
48. Nd1 {[%clk 0:24:27]} Rd2 {[%clk 0:24:51]} 49. Rc7 {[%clk 0:24:21]} Bd4
{[%clk 0:25:17]} 50. Rc1 {[%clk 0:24:16]} Bb6 {[%clk 0:24:29]} 51. Rb1
{[%clk 0:24:30]} Kf8 {[%clk 0:23:24]} 52. Ne3 {[%clk 0:24:33]} Rd3
{[%clk 0:23:44]} 53. Ke2 {[%clk 0:18:54]} Rd4 {[%clk 0:24:08]} 54. f3
{[%clk 0:18:44]} Ke7 {[%clk 0:20:31]} 55. Rc1 {[%clk 0:18:30]} Kd7
{[%clk 0:19:51]} 56. Nc4 {[%clk 0:14:03]} Bc7 {[%clk 0:19:45]} 57. Ke3
{[%clk 0:12:14]} Rd5 {[%clk 0:19:16]} 58. Rb1 {[%clk 0:12:01]} Bd8
{[%clk 0:13:57]} 59. Ke4 {[%clk 0:10:44]} Rc5 {[%clk 0:14:23]} 60. Kd4
{[%clk 0:11:06]} Rc8 {[%clk 0:14:49]} 61. Kd5 {[%clk 0:10:56]} Rb8
{[%clk 0:14:30]} 62. b6 {[%clk 0:10:10]} Be7 {[%clk 0:13:56]} 63. Na5
{[%clk 0:07:47]} Bd8 {[%clk 0:14:10]} 64. Nc4 {[%clk 0:06:47]} Be7
{[%clk 0:13:58]} 65. Ra1 {[%clk 0:06:57]} Bd8 {[%clk 0:12:48]} 66. Ra7+
{[%clk 0:07:03]} Ke8 {[%clk 0:13:13]} 67. Nd6+ {[%clk 0:06:43]} Kf8
{[%clk 0:13:42]} 68. Rxf7+ {[%clk 0:07:02]} Kg8 {[%clk 0:14:10]} 69. b7
{[%clk 0:07:25]} f5 {[%clk 0:12:37]} 70. gxf5 {[%clk 0:07:38]} gxf5
{[%clk 0:13:00]} 71. h5 {[%clk 0:08:02]} f4 {[%clk 0:13:24]} 72. Kc6
{[%clk 0:08:16]} Ba5 {[%clk 0:13:41]} 73. Rxf4 {[%clk 0:08:21]} Kg7
{[%clk 0:13:39]} 74. Ra4 {[%clk 0:08:44]} 1-0

[Event "MPJ C18"]
[Site "?"]
[Date "2016.03.15"]
[Round "3.5"]
[White "Mockun, Dawid"]
[Black "Michalski, Filip"]
[Result "1/2-1/2"]
[LiveChessVersion "1.4.8"]
[BlackElo "2155"]
[WhiteElo "1933"]

1. d4 {[%clk 1:29:21]} Nf6 {[%clk 1:30:53]} 2. Nf3 {[%clk 1:29:44]} e6
{[%clk 1:31:19]} 3. e3 {[%clk 1:29:24]} b6 {[%clk 1:31:34]} 4. Bd3
{[%clk 1:29:47]} Bb7 {[%clk 1:31:58]} 5. Nbd2 {[%clk 1:30:05]} g6
{[%clk 1:32:03]} 6. O-O {[%clk 1:29:43]} Bg7 {[%clk 1:32:20]} 7. e4
{[%clk 1:29:33]} d6 {[%clk 1:30:57]} 8. Re1 {[%clk 1:29:15]} Nbd7
{[%clk 1:31:04]} 9. Nf1 {[%clk 1:11:28]} O-O {[%clk 1:29:50]} 10. Bg5
{[%clk 1:10:58]} h6 {[%clk 1:15:08]} 11. Bh4 {[%clk 1:09:13]} g5 {[%clk 1:14:04]}
12. Bg3 {[%clk 1:09:29]} Nh5 {[%clk 1:10:24]} 13. c3 {[%clk 0:40:20]} f5
{[%clk 0:56:48]} 14. exf5 {[%clk 0:35:39]} exf5 {[%clk 0:56:56]} 15. h3
{[%clk 0:34:39]} f4 {[%clk 0:38:20]} 16. Bh2 {[%clk 0:33:54]} Nhf6
{[%clk 0:31:16]} 17. N1d2 {[%clk 0:30:07]} Re8 {[%clk 0:22:53]} 18. Qc2
{[%clk 0:28:06]} Nf8 {[%clk 0:21:52]} 19. c4 {[%clk 0:21:23]} c5 {[%clk 0:17:26]}
20. d5 {[%clk 0:20:32]} Bc8 {[%clk 0:14:41]} 21. Kh1 {[%clk 0:18:39]} Qd7
{[%clk 0:12:09]} 22. Ng1 {[%clk 0:12:27]} Qf7 {[%clk 0:07:55]} 23. Rxe8 Qxe8
{[%clk 0:08:02]} 24. g3 {[%clk 0:06:37]} Nh5 {[%clk 0:06:37]} 25. g4
{[%clk 0:04:12]} Nf6 {[%clk 0:06:19]} 26. Ne2 {[%clk 0:02:50]} Qf7
{[%clk 0:04:21]} 27. f3 {[%clk 0:02:21]} Bb7 {[%clk 0:02:41]} 28. Nc3
{[%clk 0:02:09]} Rd8 {[%clk 0:01:30]} 29. Bg1 {[%clk 0:01:39]} a6
{[%clk 0:01:49]} 30. a4 {[%clk 0:01:53]} N8d7 {[%clk 0:01:38]} 31. Bf5
{[%clk 0:02:12]} Kh8 {[%clk 0:01:30]} 32. Kg2 {[%clk 0:01:54]} Ne5
{[%clk 0:01:54]} 33. b3 {[%clk 0:02:03]} Ng8 {[%clk 0:01:05]} 34. Re1
{[%clk 0:01:43]} Ne7 {[%clk 0:01:07]} 35. Be6 {[%clk 0:01:20]} Qf8
{[%clk 0:01:36]} 36. Bf2 {[%clk 0:01:17]} Bc8 {[%clk 0:01:49]} 37. Bxc8
{[%clk 0:01:35]} Nxc8 {[%clk 0:01:58]} 38. Nde4 {[%clk 0:01:04]} Ne7
{[%clk 0:01:27]} 39. Rh1 {[%clk 0:00:34]} N7g6 {[%clk 0:01:13]} 40. Qd1
{[%clk 0:30:35]} Qe7 {[%clk 0:30:45]} 41. Qc2 {[%clk 0:28:17]} Kg8
{[%clk 0:27:34]} 42. Ra1 {[%clk 0:25:00]} a5 {[%clk 0:24:47]} 43. Re1 1/2-1/2

[Event "MPJ C18"]
[Site "?"]
[Date "2016.03.15"]
[Round "3.6"]
[White "Molenda, Marcin"]
[Black "Gajek, Radoslaw"]
[Result "1/2-1/2"]
[LiveChessVersion "1.4.8"]
[BlackElo "2435"]
[WhiteElo "2142"]

1. e4 {[%clk 1:27:51]} c5 {[%clk 1:30:54]} 2. Nf3 {[%clk 1:27:58]} d6
{[%clk 1:31:22]} 3. d4 {[%clk 1:28:06]} cxd4 {[%clk 1:31:50]} 4. Qxd4
{[%clk 1:28:22]} Nc6 {[%clk 1:32:09]} 5. Bb5 {[%clk 1:28:36]} Bd7
{[%clk 1:32:29]} 6. Qd3 {[%clk 1:28:21]} Rc8 {[%clk 1:30:11]} 7. c4
{[%clk 1:25:08]} Nf6 {[%clk 1:28:44]} 8. Nc3 {[%clk 1:23:35]} g6 {[%clk 1:22:57]}
9. h3 {[%clk 1:22:24]} Bg7 {[%clk 1:21:02]} 10. O-O {[%clk 1:22:07]} O-O
{[%clk 1:20:29]} 11. Be3 {[%clk 1:20:41]} Nb4 {[%clk 1:15:45]} 12. Qe2
{[%clk 1:17:31]} a6 {[%clk 1:13:16]} 13. Bxd7 {[%clk 1:17:40]} Nxd7
{[%clk 1:13:18]} 14. Nd4 {[%clk 1:14:58]} Ne5 {[%clk 1:07:20]} 15. b3
{[%clk 1:09:41]} e6 {[%clk 0:56:10]} 16. Rac1 {[%clk 0:58:25]} d5
{[%clk 0:45:03]} 17. cxd5 {[%clk 0:53:36]} Ned3 {[%clk 0:41:35]} 18. a3
{[%clk 0:45:33]} Nxc1 {[%clk 0:41:58]} 19. Rxc1 {[%clk 0:45:58]} Nc6
{[%clk 0:37:58]} 20. Nxc6 {[%clk 0:42:11]} bxc6 {[%clk 0:38:25]} 21. dxe6
{[%clk 0:42:36]} Qe7 {[%clk 0:31:40]} 22. exf7+ {[%clk 0:40:37]} Qxf7
{[%clk 0:31:59]} 23. Qc2 {[%clk 0:39:02]} Rfd8 {[%clk 0:29:38]} 24. Ne2
{[%clk 0:32:57]} Rd6 {[%clk 0:25:37]} 25. b4 {[%clk 0:33:11]} Rcd8
{[%clk 0:25:06]} 26. a4 {[%clk 0:28:35]} Qd7 {[%clk 0:22:24]} 27. Qc4+
{[%clk 0:27:58]} Qe6 {[%clk 0:22:08]} 28. Qxe6+ {[%clk 0:27:03]} Rxe6
{[%clk 0:22:34]} 29. f3 {[%clk 0:27:29]} Kf7 {[%clk 0:15:40]} 30. Kf2
{[%clk 0:27:35]} Ke8 {[%clk 0:11:05]} 31. a5 {[%clk 0:20:48]} Bf8
{[%clk 0:09:16]} 32. Rc4 {[%clk 0:20:03]} Bg7 {[%clk 0:07:43]} 33. Rc1
{[%clk 0:20:10]} Bf8 {[%clk 0:08:03]} 34. Rc4 {[%clk 0:20:33]} Bg7
{[%clk 0:08:29]} 35. Rc1 {[%clk 0:20:53]} Kd7 {[%clk 0:08:07]} 36. Bb6
{[%clk 0:20:41]} Rde8 {[%clk 0:08:23]} 37. Rc2 {[%clk 0:14:27]} Rd6
{[%clk 0:08:40]} 38. Ke3 {[%clk 0:13:27]} Rd1 {[%clk 0:07:41]} 39. Rd2+
{[%clk 0:09:15]} Rxd2 {[%clk 0:08:07]} 40. Kxd2 {[%clk 0:39:40]} Bf8
{[%clk 0:38:23]} 41. Kc3 {[%clk 0:39:51]} Re5 {[%clk 0:38:24]} 42. Nf4
{[%clk 0:37:44]} g5 {[%clk 0:32:09]} 1/2-1/2